Materská škola v regióne Orava

Salvato in:
Dettagli Bibliografici
Autore principale: Paľa, Jozef (Autore)
Altri autori: Pilař, Pavol (Relatore della tesi)
Natura: Manoscritto Libro
Lingua:slovacco
Pubblicazione: 2023
Soggetti:
Accesso online:http://is.stuba.sk/zp/portal_zp.pl?podrobnosti=156040
https://opac.crzp.sk/?fn=detailBiblioForm&sid=0A15AC6E5E2ED0F3D5D5C7342BCF
Tags: Aggiungi Tag
Nessun Tag, puoi essere il primo ad aggiungerne!!

MARC

LEADER 00000ntm a22000003a 4500
001 stuzp93658
003 SK-STU
005 20230920111326.9
007 ta
008 150427s2015----xo-----f-mn---000-0-slo-d
040 |a STU  |b slo 
041 0 |a slo 
100 1 |a Paľa, Jozef  |u 010310  |4 aut  |U SvF Stavebná fakulta  |T SvF Katedra architektúry  |X 103941  |U V181|V310  |Y 19  |7 103941 
242 0 1 |a Kindergarten in Orava Region  |y eng 
245 1 0 |a Materská škola v regióne Orava 
260 |c 2023 
650 4 |a Oravská priehrada  |2 slo 
650 4 |a Materská škola  |2 slo 
650 4 |a vernakulárna architektúra  |2 slo 
650 4 |a Kindergarten  |2 eng 
650 4 |a Orava Dam  |2 eng 
650 4 |a vernacular architecture  |2 eng 
700 1 |a Pilař, Pavol  |u 010310  |k Z1  |4 ths  |U SvF Stavebná fakulta  |T SvF Katedra architektúry  |X 59136  |U V181|V310  |Y 19  |7 A000059136 
856 4 |u http://is.stuba.sk/zp/portal_zp.pl?podrobnosti=156040 
856 4 |u https://opac.crzp.sk/?fn=detailBiblioForm&sid=0A15AC6E5E2ED0F3D5D5C7342BCF